• 首页
  • 本馆介绍
  • 公告通知
  • 最新文献
  • 馆藏检索
  • 电子资源
  • 读者导购
  • 参考咨询
  • 我的图书馆
  • 登录
  • 详细信息显示
  • 放入我的书架
  • 预约/预借图书
  • 作者相关作品
  • 分类相关作品
  • 丛书相关作品
  • 出版社相关作品

书目信息

  • 表格格式
  • 工作单格式
  • 卡片格式
题名:
2016年度注册会计师全国统一考试综合阶段全真模拟试卷
    
 
作者: ;中华会计网校 编
分册:  
出版信息: 北京   人民出版社  2016
页数: 219页
开本: 26cm
丛书名: 梦想成真系列辅导丛书
单 册:
中图分类: F23-44
科图分类:
主题词: 注册会计师--Zhu Ce Hui Ji Shi--统一考试--试题
电子资源:
ISBN: 978-7-01-015958-4
000 01020nam0 22002651 450
001 0121113129
005 20161122091829.76
010    @a978-7-01-015958-4@dCNY32.00
100    @a20160613d2016 em y0chiy50 ea
101 0  @achi
102    @aCN@b110000
105    @ay q 000yy
106    @ar
200 1  @a2016年度注册会计师全国统一考试综合阶段全真模拟试卷@A2016Nian Du Zhu Ce Hui Ji Shi Quan Guo Tong Yi Kao Shi Zong He Jie Duan Quan Zhen Mo Ni Shi Juan@f中华会计网校编
210    @a北京@c人民出版社@d2016
215    @a219页@d26cm
225 2  @a梦想成真系列辅导丛书@AMeng Xiang Cheng Zhen Xi Lie Fu Dao Cong Shu
304    @a版权页题:中华会计网校编著
330    @a本书收录了十套2016年度注册会计师全国统一考试——综合阶段考试全真模拟试题及参考答案。
461  0 @12001 @a梦想成真系列辅导丛书
606 0  @a注册会计师@AZhu Ce Hui Ji Shi@x统一考试@j试题
690    @aF23-44@v5
711 02 @a中华会计网校@AZhong Hua Hui Ji Wang Jiao@4编
801  0 @aCN@bTANGWEI@c20161118
905    @b0899010-4@dF23-44@e519@f5
    
    2016年度注册会计师全国统一考试综合阶段全真模拟试卷/中华会计网校编 .-北京:人民出版社,2016
    219页;26cm.-(梦想成真系列辅导丛书)
    
    
    ISBN 978-7-01-015958-4:CNY32.00
    本书收录了十套2016年度注册会计师全国统一考试——综合阶段考试全真模拟试题及参考答案。
●
相关链接 在E读中查询图书 在五车中查询图书 在当当中查询图书 在豆瓣中查询图书


正题名:2016年度注册会计师全国统一考试综合阶段全真模拟试卷     索取号:F23-44/519         预约/预借

序号 登录号 条形码 馆藏地/架位号 状态 备注
1 0899010   208990109   第一样本阅览室/ [索取号:F23-44/519] 在馆    
2 0899011   208990118   第一借阅区/ [索取号:F23-44/519] 在馆    
3 0899012   208990127   第一借阅区/ [索取号:F23-44/519] 在馆    
4 0899013   208990136   第一借阅区/ [索取号:F23-44/519] 在馆    
5 0899014   208990145   第一借阅区/ [索取号:F23-44/519] 在馆    
唐山师范学院图书馆 欢迎您!
大连网信软件有限公司© 版权所有